Memorandum by the home office on the conduct of children's homes (Record no. 418503)

000 -LEADER
fixed length control field 00302cam a22000977a 4500
008 - FIXED-LENGTH DATA ELEMENTS--GENERAL INFORMATION
fixed length control field 180718b1952 xxu||||| |||| 00| 0 eng d
082 ## - DEWEY DECIMAL CLASSIFICATION NUMBER
Classification number Q431x42 Un3m
245 ## - TITLE STATEMENT
Title Memorandum by the home office on the conduct of children's homes
260 ## - PUBLICATION, DISTRIBUTION, ETC.
Place of publication, distribution, etc. London
Name of publisher, distributor, etc. Her Majesty's Stationery Office
Date of publication, distribution, etc. 1952
300 ## - PHYSICAL DESCRIPTION
Extent v.p.
Holdings
Withdrawn status Lost status Damaged status Not for loan Permanent Location Current Location Date acquired Full call number Barcode Date last seen Price effective from Koha item type
        Indian Institute of Public Administration Indian Institute of Public Administration 2009-06-19 Q431x42 Un3m 17142 2018-07-21 2018-07-21 Book

Powered by Koha